| 000 | 00682nam a22002177a 4500 | ||
|---|---|---|---|
| 999 |
_c1162 _d1162 |
||
| 001 | 9294 | ||
| 003 | BD-DhUAP | ||
| 005 | 20210128114405.0 | ||
| 008 | 200203s2005 ii ||||| |||| 001 0 eng d | ||
| 040 |
_aBD-DhUAP _bEng _cBD-DhUAP _dBD-DhUAP |
||
| 082 |
_223 _a349.54 JHA |
||
| 100 | _aJhabvala, Noshirvan H. | ||
| 245 |
_aPrinciples of Hindu law : _bincluding the Special Marriage Act, 1954 / _cNoshirvan H. Jhabvala ; Edited by H. D. Pithawalla. |
||
| 250 | _a20th rev. ed. | ||
| 260 |
_aMumbai : _bC. Jamnadas & co., _cc2005. |
||
| 300 |
_avii, 308 pages ; _c24 cm. |
||
| 500 | _aIncludes index. | ||
| 650 |
_aHindu law _zIndia. |
||
| 700 | _aPithawalla, H. D. | ||
| 942 |
_2ddc _cBK |
||